| 000 | 01160nam a2200325 a 4500 | ||
|---|---|---|---|
| 003 | AR-BaBNM | ||
| 005 | 20251128203852.0 | ||
| 008 | 082120s2002 ||||||||||||||000 | spa|| | ||
| 040 | _cAR-BaBNM | ||
| 100 | 1 | _aJenson, Theodore J. | |
| 245 | 0 | 0 | _aPrincipios de administración escolar |
| 260 |
_aBuenos Aires _bTroquel _c1968 |
||
| 300 |
_a152 p. _bdiagr. |
||
| 490 | 0 | _aBiblioteca de la Nueva Educación | |
| 500 | _aEsta publicación es obra del Centro Regional de Ayuda Técnica, Agencia para el Desarrollo Internacional, Departamento de Estado del Gobierno de los Estados Unidos de América. El Centro fue una organización dedicada a la producción de versiones en español | ||
| 500 | _aContiene glosario | ||
| 504 | _aBibliografía: p. 143-144 | ||
| 650 | 4 | _aADMINISTRACION DE LA EDUCACION | |
| 650 | 4 | _aADMINISTRACION ESCOLAR | |
| 650 | 4 | _aORGANIZACION ESCOLAR | |
| 650 | 4 | _aPOLITICA EDUCATIVA | |
| 651 | 4 | _aEstados Unidos | |
| 653 | _aSISTEMA EDUCATIVO | ||
| 653 | _aGESTION EDUCATIVA | ||
| 700 | 1 | _aClark, David L. | |
| 700 | 1 | _aDuggan, Carolina | |
| 700 | 1 |
_aRamseyer, John A. _eprologuista |
|
| 942 | _cBK | ||
| 998 | _cSILVI | ||
| 999 |
_c5255 _d5255 |
||